1711 1338 1682 1809 1105 1537 1889 1801 1331 1726 1297 1092 1076 1576 1563 1937 1436 1963 1638 1190 1041 1653 1587 1919 1540 1271 1384 1433 1787 1064 1958 1623 1275 1512 1356 1657 1428 1328 1764 1933 1891 1140 1569 1735 1584 1705 1800 1936 1914 1989 1149 1667 1957 1593 1241 1023 1731 1406 1739 1655 1941 1864 1688 1816 1247 1871 1450 1975 1533 1126 1093 1907 1314 1123 1453 1375 1138 1133 1038 1428 1754 1682 1837 1611 1223 1144 1887 1140 1362 1253 1042 1208 1867 1007 1291 1191 1734 1248 1529 BCNSPRNW ULIB Ver.6.0+V

เปลี่ยนเป็นภาษาไทย

Change to English
 แสดงรายละเอียดบรรณานุกรม
  กลับหน้าหลัก

Brief Record : Get Marc (ISO 2709) : E-mail record : QR code < ปิดหน้าต่าง
LEADER : 00000nam 2200000uu 4500
001    13399121080
003     ULIB
008    020711s2553 th a 000 0 tha d
020    9749216202
090    นว.^bซ471ก
100    Susan Donovan, ผู้เขียน เจ้าขา,ผู้แปล
245    เก็บเธอไว้ให้หัวใจกรุ่นรัก=Knock me off my feet
260    กรุงเทพฯ :^bคิวปิดพัลลิชชิ่ง,^c2553
300    263 หน้า
945    ^p189^l0^i19552
999    ^aทศพร เกษรทอง
รายการนี้ยังไม่มีแท็ก
คุณยังไม่ได้ล็อกอิน คุณสามารถมีกิจกรรมร่วมกับเว็บไซต์ได้ แต่ต้องล็อกอินก่อน ::
  ล็อกอิน

รายการสื่อสารสนเทศ

ลำดับที่ ประเภท เลขเรียก/บาร์โค้ด สถานที่ สถานะ
1. นวนิยาย
นวนิยาย
นว. ซ471ก  
  Barcode: 19552
ห้องสมุดวิทยาเขตสวรรค์ประชารักษ์
►นวนิยาย
บนชั้น
  ขอยืม

BibComment


ยังไม่เคยถูกคอมเมนท์

คอมเมนท์ทรัพยากรรายการนี้
  คอมเมนท์: เก็บเธอไว้ให้หัวใ..


 Copyright 2026. Bcnsprnw @Library